000 01182cam a2200349 i 4500
001 40995
003 KOSZ 005
005 20211217085151.0
008 020404s2001 pl f |000 0 pol
020 _a8371974523
040 _cKOSZ 005
_aKOSZ 005
_dKOSZ 005
041 1 _apol
_heng
046 _k2001
080 _a004.438
080 _a(07)
100 1 _aEckel, Bruce
_eAutor
245 1 0 _aThinking in Java :
_bwprowadzenie do programowania zorientowanego obiektowo w sieci WWW : edycja polska /
_cBruce Eckel ; tł. Adrian Nowak, Łukasz Fryz, Szymon Kobalczyk.
246 3 0 _iTyt. oryg.:
_aThinking in Java
260 _aGliwice :
_b"Helion",
_c2001.
300 _a816 s. ;
_c24 cm.
380 _aKsiążki
388 _a2001-
500 _aTyt. oryg.: "Thinking in Java", 2nd ed.
504 _aIndeks.
650 4 _aJava (język programowania)
650 4 _aProgramowanie obiektowe
655 4 _aPodręcznik
658 _aInformatyka i technologie informacyjne
710 2 _aHelion
_4pbl.
856 _uhttp://koha.tu.koszalin.pl/cgi-bin/koha/opac-detail.pl?biblionumber=40995
_yKatalog online BPK
942 _cKS
_2UKD
999 _c40995
_d40995